Statistics for Wood Types in Minecraft

Click here to take the quiz!

General Stats

  • This quiz has been taken 92 times
  • The average score is 5 of 6

Answer Stats

HintAnswer% Correct
6thDark Oak
100%
1stOak
100%
3rdBirch
89%
2ndSpruce
87%
5thAcacia
83%
4thJungle
79%

Score Distribution

Percentile by Number Answered

Percent of People with Each Score

Your Score History

You have not taken this quiz